000 00929cam a22002651a 4500
001 agr59000023
003 DLC
005 20260227111019.0
008 800110s1958 dcua f000 0 eng
010 _aagr59000023
035 _a(OCoLC)5859392
040 _aDLC
_cWMaPI-RL
_dWMaPI-RL
_dDNAL
_dDLC
042 _apremarc
050 0 0 _aS21
_b.A6 no. 2119
070 0 _a1
_bAg84F no.2119
072 0 _aF120
082 _a633.85
245 0 0 _aSesame production /
_cprepared by Crop Research Division, Agricultural Research Service.
260 _aWashington, D.C. :
_bU.S. Dept. of Agriculture,
_c1958.
300 _a12 p. :
_bill. ;
_c23 cm.
490 1 _aFarmers' bulletin / United States Department of Agriculture ;
_vno. 2119
650 0 _aSesame.
710 1 _aUnited States.
_bAgricultural Research Service.
_bCrops Research Division.
830 0 _aFarmers' bulletin (United States. Department of Agriculture) ;
_vno. 2119.
999 _c11660
_d11660